[Event "9th Sunway Sitges 2022"]
[Site "Sitges ESP"]
[Date "2022.12.17"]
[Round "6.8"]
[White "Sumets, Andrey"]
[Black "Korobov, Anton"]
[Result "1/2-1/2"]
[WhiteTitle "GM"]
[BlackTitle "GM"]
[WhiteElo "2506"]
[BlackElo "2662"]
[WhiteFideId "14105500"]
[BlackFideId "14105730"]
[EventDate "2022.12.12"]

1. d4 Nf6 2. Nf3 d5 3. c4 e6 4. Nc3 c6 5. e3 Nbd7 6. Qc2 Bd6 7. b3 O-O 8. Be2 b6
9. O-O Bb7 10. Bb2 Re8 11. Rad1 Qe7 12. e4 Nxe4 13. Nxe4 dxe4 14. Qxe4 Nf8 15.
Qc2 c5 16. dxc5 Bxc5 17. Nd2 e5 18. Ne4 Ne6 19. Nxc5 bxc5 20. Bd3 Ng5 21. f3
Rad8 22. h4 e4 23. hxg5 exd3 24. Rxd3 Rxd3 25. Qxd3 Qxg5 26. Bc1 Qe7 27. Bf4 Bc8
28. Bg3 Rd8 29. Qc3 h6 30. Re1 Be6 1/2-1/2

[Event "9th Sunway Sitges 2022"]
[Site "Sitges ESP"]
[Date "2022.12.17"]
[Round "6.9"]
[White "Tabatabaei, M. Amin"]
[Black "Gines Esteo, Pedro Antonio"]
[Result "1-0"]
[WhiteTitle "GM"]
[BlackTitle "GM"]
[WhiteElo "2660"]
[BlackElo "2500"]
[WhiteFideId "12521213"]
[BlackFideId "32080190"]
[EventDate "2022.12.12"]

1. e4 e5 2. Nf3 Nc6 3. Bb5 Nf6 4. d3 Bc5 5. Bxc6 dxc6 6. Nbd2 Nd7 7. Nc4 O-O 8.
Ne3 Re8 9. g4 Nf8 10. Rg1 Bd6 11. h4 c5 12. h5 Ne6 13. Nf5 g5 14. hxg6 fxg6 15.
Bh6 Nd4 16. Be3 a5 17. Ng5 Bf8 18. Rh1 gxf5 19. gxf5 Nxf5 20. Qh5 Nh6 21. Nf7
Qe7 22. Bxh6 Bxh6 23. Nxh6+ Kh8 24. Nf7+ Kg7 25. Rg1+ Kf6 26. Qh6+ Kxf7 27. Rg7+
Kf8 28. Rxh7+ Kg8 29. Qg6+ 1-0

[Event "9th Sunway Sitges 2022"]
[Site "Sitges ESP"]
[Date "2022.12.17"]
[Round "6.10"]
[White "Jones, Gawain C B"]
[Black "Gokerkan, Cem Kaan"]
[Result "1/2-1/2"]
[WhiteTitle "GM"]
[BlackTitle "IM"]
[WhiteElo "2630"]
[BlackElo "2470"]
[WhiteFideId "409561"]
[BlackFideId "6336760"]
[EventDate "2022.12.12"]

1. e4 c5 2. Nf3 d6 3. Bb5+ Nd7 4. a4 a6 5. Be2 Ngf6 6. Nc3 g6 7. a5 Bg7 8. O-O
O-O 9. d3 b5 10. axb6 a5 11. h3 Bb7 12. Bg5 Nxb6 13. Qd2 Re8 14. Ra3 a4 15. Bh6
Bh8 16. Rfa1 Qd7 17. d4 Nxe4 18. Nxe4 Bxe4 19. Ng5 Bd5 20. dxc5 dxc5 21. Rd1 Qc6
22. Rd3 c4 23. Rxd5 Nxd5 24. Qxd5 Qxd5 25. Rxd5 c3 26. bxc3 Rec8 27. Rd1 a3 28.
Bf3 Ra5 29. Ra1 a2 30. Nxf7 Bxc3 31. Rxa2 Rxa2 32. Bd5 Ra1+ 33. Kh2 Rc5 34. Be6
Bg7 35. Ne5+ Kh8 36. Nf7+ Kg8 37. Ne5+ 1/2-1/2

[Event "9th Sunway Sitges 2022"]
[Site "Sitges ESP"]
[Date "2022.12.17"]
[Round "6.11"]
[White "Aryan, Chopra"]
[Black "Samant, Aditya S"]
[Result "1/2-1/2"]
[WhiteTitle "GM"]
[BlackTitle "IM"]
[WhiteElo "2618"]
[BlackElo "2470"]
[WhiteFideId "5084423"]
[BlackFideId "35080580"]
[EventDate "2022.12.12"]

1. e4 c5 2. Nf3 d6 3. d4 cxd4 4. Nxd4 Nf6 5. Nc3 Nc6 6. Bc4 e6 7. Be3 a6 8. Qe2
Bd7 9. Bb3 b5 10. O-O-O Na5 11. f3 b4 12. Na4 Rb8 13. g4 Bb5 14. Nxb5 Nxb3+ 15.
axb3 axb5 16. Nc5 Qa5 17. Nd3 Be7 18. Kd2 d5 19. e5 Nd7 20. Ra1 Qc7 21. Ra7 Rb7
22. Rxb7 Qxb7 23. Bd4 O-O 24. Qe3 Qc6 25. g5 Rc8 26. Rc1 Nf8 27. h4 Ng6 28. Qf2
Bd8 29. Kd1 Ne7 30. Nxb4 Qa8 31. Ke2 Nf5 32. Nd3 h6 33. f4 Qc6 34. Bc5 d4 35.
Qf3 Qxf3+ 36. Kxf3 Nxh4+ 37. Kg4 hxg5 38. fxg5 Nf5 39. c4 dxc3 40. bxc3 Bc7 1/2-1/2

[Event "9th Sunway Sitges 2022"]
[Site "Sitges ESP"]
[Date "2022.12.17"]
[Round "6.12"]
[White "Sankalp, Gupta"]
[Black "Puranik, Abhimanyu"]
[Result "1/2-1/2"]
[WhiteTitle "GM"]
[BlackTitle "GM"]
[WhiteElo "2485"]
[BlackElo "2616"]
[WhiteFideId "5097010"]
[BlackFideId "5061245"]
[EventDate "2022.12.12"]

1. e4 c5 2. Nf3 e6 3. c3 d5 4. exd5 Qxd5 5. d4 Nc6 6. Be3 Nf6 7. Na3 cxd4 8. Nb5
Qd8 9. Nbxd4 Nxd4 10. Bxd4 a6 11. Qc2 Qd5 12. Bd3 Bc5 13. c4 Qd6 14. Be5 Bb4+
15. Ke2 Qb6 16. Rhc1 Be7 17. c5 Qc6 18. b4 O-O 19. a4 h6 20. b5 Qd5 21. bxa6 Qd8
22. axb7 Bxb7 23. c6 Rc8 24. Bb5 Ba8 25. Qd2 Qb6 26. Qd4 Qa5 27. c7 Bd5 28. Nd2
Ne8 29. Nc4 Bxc4+ 30. Qxc4 Bf6 31. Bxf6 gxf6 32. Qg4+ Kh7 33. Rc5 f5 34. Qd4
Nxc7 35. Bd7 Qa6+ 36. Qc4 Rcd8 37. Rd1 Qxc4+ 38. Rxc4 Nd5 39. Bc6 Rd6 40. a5
Nf4+ 41. Rxf4 1/2-1/2

[Event "9th Sunway Sitges 2022"]
[Site "Sitges ESP"]
[Date "2022.12.17"]
[Round "6.13"]
[White "Durarbayli, Vasif"]
[Black "Firat, Burak"]
[Result "1/2-1/2"]
[WhiteTitle "GM"]
[BlackTitle "GM"]
[WhiteElo "2612"]
[BlackElo "2460"]
[WhiteFideId "13402935"]
[BlackFideId "6305881"]
[EventDate "2022.12.12"]

1. e4 e5 2. Nf3 Nc6 3. Bc4 Nf6 4. Ng5 d5 5. exd5 Na5 6. Bb5+ c6 7. dxc6 bxc6 8.
Be2 h6 9. Nh3 g5 10. Nc3 g4 11. Ng1 Rg8 12. b3 Qc7 13. Bb2 Bb7 14. d3 O-O-O 15.
Qd2 c5 16. Bf1 c4 17. O-O-O cxb3 18. cxb3 Bb4 19. Ne2 Ne4 20. Qe1 Nc5 21. Ng3
Ba6 22. Kb1 Bxd3+ 23. Bxd3 Nxd3 24. Qe4 Nxb2 25. Qa8+ Qb8 26. Qxb8+ Kxb8 27.
Kxb2 Bxc3+ 28. Kxc3 Rc8+ 29. Kb2 f5 30. Rd5 Nc6 31. Rc1 a6 32. Nxf5 Rgf8 33. Nd6
Rxf2+ 34. Ka3 Ne7 35. Rxc8+ Nxc8 36. Nxc8 Kxc8 37. Rxe5 Rxg2 38. Rh5 Kb7 39.
Rxh6 a5 1/2-1/2

[Event "9th Sunway Sitges 2022"]
[Site "Sitges ESP"]
[Date "2022.12.17"]
[Round "6.14"]
[White "Abdisalimov, Abdimalik"]
[Black "Adhiban, Baskaran"]
[Result "1/2-1/2"]
[WhiteTitle "IM"]
[BlackTitle "GM"]
[WhiteElo "2447"]
[BlackElo "2611"]
[WhiteFideId "14206323"]
[BlackFideId "5018471"]
[EventDate "2022.12.12"]

1. d4 Nf6 2. c4 c5 3. d5 g6 4. Nc3 Bg7 5. e4 d6 6. Nf3 Bg4 7. Be2 O-O 8. O-O e6
9. h3 Bxf3 10. Bxf3 exd5 11. exd5 Nbd7 12. Bd2 Ne8 13. Be2 Nc7 14. f4 Re8 15.
Kh2 Rb8 16. Bd3 f5 17. Qf3 h5 18. Rae1 Nf6 19. Rxe8+ Qxe8 20. Re1 Qd7 21. g3 Re8
22. Rxe8+ Qxe8 23. Kg2 Kf8 24. b3 a6 25. Nd1 b5 26. Ba5 bxc4 27. bxc4 Qd7 28.
Nf2 Nce8 29. Bc2 Ng8 30. g4 hxg4 31. hxg4 Bd4 32. g5 Ng7 33. Bd2 Ne7 34. Qa3 Qb7
35. Qb3 Qc7 36. Nh1 Nc8 37. Ng3 Ne8 38. Qb1 Ng7 39. Ne2 Nh5 40. Kf3 Nb6 41. Bd3
Nd7 42. Qh1 Qc8 43. Qe1 Ng7 44. Ng3 Kf7 45. Bc2 Nb6 46. Bb3 Qh8 47. Kg2 Qb8 48.
Qe2 Qb7 49. Ba5 Qb8 50. Qd3 Nd7 51. Ba4 Qb2+ 52. Qd2 Qb1 53. Bxd7 Nh5 54. Qe1
Nxf4+ 55. Kh1 Qd3 56. Qe8+ Kg7 57. Nxf5+ 1/2-1/2

[Event "9th Sunway Sitges 2022"]
[Site "Sitges ESP"]
[Date "2022.12.17"]
[Round "6.15"]
[White "Kollars, Dmitrij"]
[Black "Tahay, Alexis"]
[Result "1/2-1/2"]
[WhiteTitle "GM"]
[BlackTitle "IM"]
[WhiteElo "2610"]
[BlackElo "2400"]
[WhiteFideId "12909572"]
[BlackFideId "26090961"]
[EventDate "2022.12.12"]

1. e4 c5 2. Nf3 d6 3. d4 cxd4 4. Nxd4 Nf6 5. Nc3 a6 6. Be3 e5 7. Nb3 Be6 8. f3
Be7 9. Qd2 O-O 10. O-O-O Nbd7 11. g4 b5 12. g5 Nh5 13. Kb1 Nb6 14. Na5 Rc8 15.
Nd5 Nxd5 16. exd5 Bxd5 17. Qxd5 Qxa5 18. c4 Nf4 19. Bxf4 exf4 20. h4 Qa4 21. Bd3
bxc4 22. Qe4 g6 23. Bc2 Qe8 24. Rde1 Rc7 25. h5 d5 26. Qe5 Qc6 27. hxg6 fxg6 28.
Rxh7 Kxh7 29. Ba4 Qxa4 30. Qxc7 Rf7 31. Rh1+ Kg8 32. Qe5 Rh7 33. Qxd5+ Kg7 34.
Qd4+ Kg8 35. Qd5+ Kg7 36. Qe5+ Kg8 37. Qd5+ Kg7 1/2-1/2

[Event "9th Sunway Sitges 2022"]
[Site "Sitges ESP"]
[Date "2022.12.17"]
[Round "6.16"]
[White "Aravindh, Chithambaram VR."]
[Black "Rendle, Thomas E"]
[Result "1-0"]
[WhiteTitle "GM"]
[BlackTitle "IM"]
[WhiteElo "2607"]
[BlackElo "2381"]
[WhiteFideId "5072786"]
[BlackFideId "408760"]
[EventDate "2022.12.12"]

1. e4 e6 2. d4 d5 3. e5 c5 4. Nf3 Nc6 5. Bd3 cxd4 6. O-O Bc5 7. Nbd2 Nge7 8. Re1
Ng6 9. Nb3 Bb6 10. a4 Bd7 11. Ra3 a6 12. g3 Qe7 13. h4 Bc7 14. Bg5 Qf8 15. Bxg6
fxg6 16. Nbxd4 Qf7 17. Be3 O-O 18. Ng5 Qe8 19. Nxc6 Bxc6 20. Bc5 Rf5 21. Qd4 h6
22. g4 Rf8 23. Bxf8 Kxf8 24. Nh3 Kg8 25. Rg3 Qf7 26. Ree3 Rf8 27. Ref3 Qe7 28.
Nf4 Rxf4 29. Rxf4 Qxh4 30. g5 Qh5 31. Rfg4 Kh7 32. f3 Bd8 33. Kg2 1-0

[Event "9th Sunway Sitges 2022"]
[Site "Sitges ESP"]
[Date "2022.12.17"]
[Round "6.17"]
[White "Dardha, Daniel"]
[Black "Jubin, Jimmy"]
[Result "1-0"]
[WhiteTitle "GM"]
[BlackTitle "FM"]
[WhiteElo "2606"]
[BlackElo "2376"]
[WhiteFideId "240990"]
[BlackFideId "46686614"]
[EventDate "2022.12.12"]

1. Nf3 Nf6 2. c4 e6 3. b3 d5 4. Bb2 c5 5. e3 Nc6 6. cxd5 Nxd5 7. a3 b6 8. d4
cxd4 9. Nxd4 Nxd4 10. Bxd4 Bd7 11. Ba6 Qg5 12. O-O Rd8 13. Nd2 Be7 14. Nf3 Qh6
15. Ne5 O-O 16. Ng4 Qg6 17. Bd3 f5 18. Ne5 Qe8 19. Qe2 Bf6 20. Bc4 Bc6 21. Nxc6
Qxc6 22. Bxf6 Nxf6 23. Rfc1 Qd6 24. b4 Kh8 25. Bb3 Ng4 26. g3 Ne5 27. h3 Qe7 28.
Rd1 Rc8 29. Rac1 Rxc1 30. Rxc1 h6 31. f4 Nf7 32. e4 Nd6 33. exf5 Nxf5 34. Qxe6
Qxe6 35. Bxe6 Nxg3 36. Kf2 Nh5 37. f5 Nf4 38. Ke3 Nxh3 39. Rc7 Ng5 40. Kd4 g6
41. Rxa7 gxf5 42. Bd5 f4 43. a4 f3 44. Ra8 Kg7 45. Rxf8 Kxf8 46. Ke3 Nh7 47. a5
Nf6 48. Bc6 Ng4+ 49. Kd4 f2 50. Bg2 bxa5 51. bxa5 Nf6 52. a6 Ne8 53. a7 Nc7 54.
Kc5 Ke7 55. Kc6 Kd8 56. Kb7 Kd7 57. Bf1 Kd6 58. Bh3 h5 59. Bg2 Kd7 60. Bf1 Kd6
61. Bh3 h4 62. Bg2 Kd7 63. Bf1 Kd6 64. Bh3 1-0

[Event "9th Sunway Sitges 2022"]
[Site "Sitges ESP"]
[Date "2022.12.17"]
[Round "6.18"]
[White "Fataliyeva, Ulviyya"]
[Black "Sanal, Vahap"]
[Result "1/2-1/2"]
[WhiteTitle "IM"]
[BlackTitle "GM"]
[WhiteElo "2428"]
[BlackElo "2597"]
[WhiteFideId "13403052"]
[BlackFideId "6300545"]
[EventDate "2022.12.12"]

1. d4 d5 2. c4 c6 3. Nf3 Nf6 4. Nc3 e6 5. Bg5 h6 6. Bh4 Be7 7. e3 Nbd7 8. Bd3
O-O 9. O-O dxc4 10. Bxc4 b5 11. Bd3 a6 12. a4 Bb7 13. Rc1 b4 14. Bxf6 Nxf6 15.
Ne4 Nd7 16. Qc2 c5 17. Nxc5 Nxc5 18. dxc5 Rc8 19. Qe2 Qa5 20. Nd4 Bxc5 21. Nb3
Qb6 22. a5 Qa7 23. Nxc5 Rxc5 24. Rxc5 Qxc5 25. Bxa6 Ba8 26. Qb5 Qc2 27. Bb7 Bxb7
28. Qxb7 Qxb2 29. a6 b3 30. a7 Qa2 31. Qb8 b2 32. h3 Qa1 33. a8=Q Qxa8 34. Qxb2
Rd8 35. Rc1 Qe4 36. Qb6 Qh4 37. Qb7 Qf6 38. Rc8 Qa1+ 39. Kh2 Qe5+ 40. g3 Rxc8
41. Qxc8+ Kh7 42. Qc2+ g6 43. h4 Kg7 44. Qd3 g5 45. hxg5 hxg5 46. Qc4 Qb2 47.
Kg2 Qb7+ 48. Kg1 Qf3 49. Qd4+ Kg6 50. Qd7 Kh5 51. Qd4 Kg6 52. Qd7 Kh5 53. Qd4 f6
54. Qd7 Qf5 55. Kg2 Kh6 56. Qd8 Qe4+ 57. f3 Qc2+ 58. Kg1 Qc1+ 59. Kg2 Qc2+ 60.
Kg1 Qc1+ 1/2-1/2

[Event "9th Sunway Sitges 2022"]
[Site "Sitges ESP"]
[Date "2022.12.17"]
[Round "6.19"]
[White "Sidhant, Mohapatra"]
[Black "Kraemer, Martin"]
[Result "1/2-1/2"]
[WhiteTitle "IM"]
[BlackTitle "GM"]
[WhiteElo "2337"]
[BlackElo "2583"]
[WhiteFideId "5028698"]
[BlackFideId "4671910"]
[EventDate "2022.12.12"]

1. e4 e5 2. Nf3 Nc6 3. Nc3 Nf6 4. d4 exd4 5. Nxd4 Bb4 6. Nxc6 bxc6 7. Bd3 O-O 8.
O-O d5 9. Bd2 Rb8 10. Re1 Re8 11. a3 Bd6 12. h3 Be5 13. Rb1 h6 14. b4 Bxc3 15.
Bxc3 dxe4 16. Bxf6 Qxf6 17. Bxe4 Bf5 18. Bxf5 Qxf5 19. Qd3 Qxd3 20. cxd3 Rxe1+
21. Rxe1 Rd8 22. Rc1 Rxd3 23. Rxc6 Rxa3 24. Rxc7 Rb3 25. Rxa7 Rxb4 26. Ra8+ Kh7
27. Ra7 Kg8 28. Ra8+ Kh7 29. Ra7 Kg8 30. Ra6 Kf8 1/2-1/2

[Event "9th Sunway Sitges 2022"]
[Site "Sitges ESP"]
[Date "2022.12.17"]
[Round "6.20"]
[White "Cheparinov, Ivan"]
[Black "Pablo Mari, Alejandro"]
[Result "1-0"]
[WhiteTitle "GM"]
[BlackTitle "FM"]
[WhiteElo "2688"]
[BlackElo "2338"]
[WhiteFideId "2905540"]
[BlackFideId "2200287"]
[EventDate "2022.12.12"]

1. e4 c6 2. d4 d5 3. e5 c5 4. Nf3 cxd4 5. Qxd4 Nc6 6. Qf4 e6 7. Nc3 a6 8. h4 h5
9. a3 Nh6 10. Bd3 Ng4 11. Qg3 d4 12. Ne4 Ncxe5 13. Nxe5 Qa5+ 14. b4 Qxe5 15. Bf4
Qd5 16. c4 dxc3 17. Nxc3 Qd4 18. O-O Bd7 19. Ne2 Qa7 20. Rac1 Bc6 21. Bg5 Qb8
22. Qxb8+ Rxb8 23. Nd4 Bd5 24. Nb5 Bc6 25. Nd4 Bd5 26. Rfe1 Be7 27. Nf5 Bf6 28.
Rc7 Rd8 29. Bf1 Kf8 30. Ne7 Rb8 31. Nxd5 exd5 32. Bxf6 1-0

[Event "9th Sunway Sitges 2022"]
[Site "Sitges ESP"]
[Date "2022.12.17"]
[Round "6.21"]
[White "Moksh, Amit Doshi"]
[Black "Ivanchuk, Vasyl"]
[Result "1/2-1/2"]
[WhiteTitle "IM"]
[BlackTitle "GM"]
[WhiteElo "2414"]
[BlackElo "2673"]
[WhiteFideId "25064967"]
[BlackFideId "14100010"]
[EventDate "2022.12.12"]

1. d4 Nf6 2. c4 e6 3. Nf3 d5 4. Nc3 c6 5. e3 Nbd7 6. Qc2 Bd6 7. b3 O-O 8. Bd3 b6
9. Bb2 Bb7 10. O-O h6 11. h3 Re8 12. Rfe1 c5 13. cxd5 Nxd5 14. Nxd5 Bxd5 15.
Bh7+ Kh8 16. Be4 Bxe4 17. Qxe4 Nf6 18. Qh4 cxd4 19. Bxd4 e5 20. Bb2 Rc8 21. Rac1
Qe7 22. Qa4 Kg8 23. Red1 Rxc1 24. Rxc1 Qd7 25. Qxd7 Nxd7 26. Rd1 Re6 27. Kf1 Kf8
28. Ba3 Ke7 29. Rxd6 Rxd6 30. Bxd6+ Kxd6 31. Ke2 Kd5 32. Nd2 Nc5 33. Nb1 Ne4 34.
f3 Nd6 35. Nc3+ Kc5 1/2-1/2

[Event "9th Sunway Sitges 2022"]
[Site "Sitges ESP"]
[Date "2022.12.17"]
[Round "6.22"]
[White "Saydaliev, Saidakbar"]
[Black "Bernadskiy, Vitaliy"]
[Result "1/2-1/2"]
[WhiteTitle "FM"]
[BlackTitle "GM"]
[WhiteElo "2419"]
[BlackElo "2617"]
[WhiteFideId "14203693"]
[BlackFideId "14100371"]
[EventDate "2022.12.12"]

1. e4 c5 2. Nf3 Nc6 3. Bb5 e6 4. Bxc6 bxc6 5. b3 f6 6. d3 Ne7 7. e5 Ng6 8. Bb2
Be7 9. Nbd2 O-O 10. O-O fxe5 11. Nxe5 Nxe5 12. Bxe5 d6 13. Bg3 e5 14. Nc4 Be6
15. Qe2 Bd5 16. f4 exf4 17. Rxf4 Bf6 18. Raf1 Bd4+ 19. Kh1 Rxf4 20. Bxf4 Bxc4
21. dxc4 Qd7 22. Re1 Rf8 23. g3 d5 24. Qe6+ Qxe6 25. Rxe6 Rf6 26. Rxf6 Bxf6 27.
Bd6 dxc4 28. bxc4 Bd4 29. Kg2 Kf7 30. Kf3 Ke6 31. Bf8 h5 32. h3 g6 1/2-1/2

[Event "9th Sunway Sitges 2022"]
[Site "Sitges ESP"]
[Date "2022.12.17"]
[Round "6.23"]
[White "Aditya, Mittal"]
[Black "Kanov, Nikola"]
[Result "1-0"]
[WhiteTitle "IM"]
[BlackTitle "FM"]
[WhiteElo "2479"]
[BlackElo "2377"]
[WhiteFideId "35042025"]
[BlackFideId "2928531"]
[EventDate "2022.12.12"]

1. e4 e5 2. Nf3 Nc6 3. Bb5 a6 4. Ba4 Nf6 5. O-O b5 6. Bb3 Bc5 7. c3 d6 8. d4 Bb6
9. Be3 Bg4 10. dxe5 Nxe5 11. Bxb6 cxb6 12. Nbd2 O-O 13. h3 Bh5 14. g4 Bg6 15.
Nh2 Nc4 16. Bxc4 bxc4 17. f4 Bxe4 18. g5 Bd3 19. gxf6 Bxf1 20. fxg7 Kxg7 21.
Ndxf1 Rg8 22. Ng3 Kf8 23. Ng4 d5 24. Kh2 Ra7 25. Qd4 Re7 26. Nh6 1-0

[Event "9th Sunway Sitges 2022"]
[Site "Sitges ESP"]
[Date "2022.12.17"]
[Round "6.24"]
[White "Abdurakhmonov, Mukhammadali"]
[Black "Wadsworth, Matthew J"]
[Result "1/2-1/2"]
[WhiteTitle "IM"]
[BlackTitle "IM"]
[WhiteElo "2397"]
[BlackElo "2470"]
[WhiteFideId "14207346"]
[BlackFideId "415804"]
[EventDate "2022.12.12"]

1. d4 d5 2. Nf3 Nf6 3. c4 c6 4. cxd5 cxd5 5. Nc3 Nc6 6. Bf4 Bf5 7. e3 e6 8. a3
Bd6 9. Bxd6 Qxd6 10. h3 O-O 11. Bd3 Bxd3 12. Qxd3 Na5 13. O-O Rfc8 14. Rac1 Nc4
15. Rc2 Rc6 16. Rfc1 a6 17. Nd2 Rac8 18. Nd1 Nxd2 19. Qxd2 Ne4 20. Qd3 Qd7 21.
Kf1 R8c7 22. Rxc6 Rxc6 23. Rxc6 Qxc6 24. f3 Nd6 25. Qc3 Qxc3 26. Nxc3 Nc4 27.
Nd1 Kf8 28. Ke2 Ke7 29. a4 Kd6 30. Kd3 Kc6 1/2-1/2

[Event "9th Sunway Sitges 2022"]
[Site "Sitges ESP"]
[Date "2022.12.17"]
[Round "6.25"]
[White "Salimova, Nurgyul"]
[Black "Sochacki, Christophe"]
[Result "0-1"]
[WhiteTitle "IM"]
[BlackTitle "GM"]
[WhiteElo "2390"]
[BlackElo "2463"]
[WhiteFideId "2915138"]
[BlackFideId "662569"]
[EventDate "2022.12.12"]

1. d4 e6 2. Nf3 d5 3. c4 Nf6 4. g3 dxc4 5. Bg2 a6 6. O-O Nc6 7. Qd2 Bb4 8. Qc2
b5 9. Ne5 Nxe5 10. dxe5 Nd5 11. Rd1 Bd7 12. Nc3 Bxc3 13. bxc3 Qe7 14. e4 Nb6 15.
f4 O-O-O 16. Be3 Na4 17. Rac1 Bc6 18. Bd4 Qa3 19. f5 Qb2 20. Qxb2 Nxb2 21. Rf1
Nd3 22. Rb1 b4 23. fxe6 fxe6 24. Rf7 a5 25. Re7 Rxd4 26. cxd4 c3 27. d5 c2 28.
Rf1 Bd7 29. dxe6 Bc6 30. Ref7 a4 31. Bh3 b3 32. Rf8+ Kb7 33. e7 b2 34. Bc8+ Ka7
35. Bd7 Bxd7 36. e6 Bc6 37. Rxh8 c1=Q 38. e8=Q Bxe8 0-1

[Event "9th Sunway Sitges 2022"]
[Site "Sitges ESP"]
[Date "2022.12.17"]
[Round "6.26"]
[White "Sardana, Rishi"]
[Black "Valenzuela Gomez, Fernando"]
[Result "1-0"]
[WhiteTitle "IM"]
[BlackTitle "IM"]
[WhiteElo "2460"]
[BlackElo "2361"]
[WhiteFideId "25004301"]
[BlackFideId "3409392"]
[EventDate "2022.12.12"]

1. e4 e6 2. d4 d5 3. e5 c5 4. c3 Nc6 5. Nf3 Qb6 6. a3 Nh6 7. Bd3 cxd4 8. cxd4
Bd7 9. Bc2 Nf5 10. Bxf5 exf5 11. Nc3 Be6 12. O-O h6 13. h4 Be7 14. Ne2 O-O 15.
Ng3 f4 16. Bxf4 Bg4 17. Be3 Bxh4 18. Ne2 Bxf3 19. gxf3 Na5 20. Qd3 f5 21. Kh2
Qb3 22. Qxb3 Nxb3 23. Rad1 g5 24. Rd3 Na5 25. f4 g4 26. Kg2 Kg7 27. Bd2 Nc4 28.
Bb4 Rfe8 29. b3 Nb6 30. Rh1 Be7 31. Ng3 1-0

[Event "9th Sunway Sitges 2022"]
[Site "Sitges ESP"]
[Date "2022.12.17"]
[Round "6.27"]
[White "Sarkar, Justin"]
[Black "Woodward, Andy"]
[Result "0-1"]
[WhiteTitle "IM"]
[BlackTitle "IM"]
[WhiteElo "2343"]
[BlackElo "2457"]
[WhiteFideId "2010011"]
[BlackFideId "30953499"]
[EventDate "2022.12.12"]

1. d4 Nf6 2. c4 g6 3. f3 d5 4. cxd5 Nxd5 5. e4 Nb6 6. Be3 Bg7 7. Nc3 O-O 8. Qd2
Nc6 9. O-O-O Qd6 10. Nb5 Qd7 11. Kb1 Rd8 12. d5 a6 13. Nc3 Ne5 14. Bxb6 cxb6 15.
f4 Ng4 16. h3 Bxc3 17. bxc3 Nf6 18. Bd3 Qa4 19. Qc2 Bd7 20. Ne2 Qa5 21. Qb2 Ba4
22. Rd2 Rac8 23. Qb4 Qxb4+ 24. cxb4 e6 25. Rc1 exd5 26. e5 Ne4 27. Bxe4 dxe4 28.
Rxd8+ Rxd8 29. Nc3 Bc6 30. Rd1 Re8 31. Kc2 g5 32. g3 f6 33. exf6 gxf4 34. gxf4
Kf7 35. Kd2 Rg8 36. Ke3 Rg3+ 37. Kd4 Rf3 38. Nxe4 Rxf4 39. Re1 Rh4 40. Ke5 Bxe4
41. Rxe4 Rxh3 42. Rc4 Rh5+ 43. Kd6 Kxf6 44. Rc7 Kg6 45. Rxb7 b5 46. Rb6 Kg7 47.
Rb7+ Kh6 48. Kc7 Rg5 49. Kb6 Rg7 50. Rb8 Rg6+ 51. Ka5 Kg5 52. Rd8 h5 53. Rd5+
Kg4 54. Rd4+ Kh3 55. a4 bxa4 56. Kxa4 h4 57. Ka5 Kg3 58. Rd3+ Kh2 59. Rd2+ Rg2
60. Rd4 Ra2+ 61. Kb6 h3 62. Rg4 Kh1 63. Rg6 h2 64. Rg8 Rg2 65. Rc8 Rg6+ 66. Ka5
Kg2 67. Rc2+ Kh3 68. Rc1 Rg1 69. Rc3+ Kg4 70. Rc4+ Kf5 71. Rh4 h1=Q 72. Rxh1
Rxh1 73. Kxa6 Ke6 0-1

[Event "9th Sunway Sitges 2022"]
[Site "Sitges ESP"]
[Date "2022.12.17"]
[Round "6.29"]
[White "Jain, Kashish Manoj"]
[Black "Kaasen, Tor Fredrik"]
[Result "1-0"]
[WhiteTitle "FM"]
[BlackTitle "IM"]
[WhiteElo "2334"]
[BlackElo "2452"]
[WhiteFideId "35081098"]
[BlackFideId "1516647"]
[EventDate "2022.12.12"]

1. e4 c5 2. Nf3 d6 3. d4 cxd4 4. Nxd4 Nf6 5. Nc3 Nc6 6. Bg5 e6 7. Qd2 a6 8.
O-O-O Bd7 9. f3 Nxd4 10. Qxd4 Be7 11. Kb1 Qc7 12. Qd2 b5 13. g4 h5 14. gxh5 Nxh5
15. h4 g6 16. Rg1 Rc8 17. Bd3 Bc6 18. Ne2 e5 19. Rc1 Qb7 20. c4 Bxg5 21. Rxg5
Kf8 22. cxb5 axb5 23. f4 Re8 24. Qb4 Kg7 25. f5 Rd8 26. Rcg1 Rh6 27. fxg6 fxg6
28. Ng3 Nxg3 29. R1xg3 Kh7 30. h5 gxh5 31. Qd2 Rf8 32. Rg1 Rf4 33. Qg2 Rg4 34.
Rxg4 hxg4 35. Qxg4 Qf7 36. Rf1 Qg6 37. Qc8 Qe8 38. Qc7+ Kh8 39. Rg1 Qd7 40. Qb8+
Qe8 41. Qa7 Rh7 42. Qf2 Rh6 43. Qg2 Qf8 44. Qg5 Kh7 45. Rf1 Qe8 46. Bc2 Bd7 47.
Bb3 Rg6 48. Rh1+ Kg7 49. Qh4 Bc6 50. Qh7+ Kf6 51. Rf1+ Kg5 52. Rf5+ 1-0

[Event "9th Sunway Sitges 2022"]
[Site "Sitges ESP"]
[Date "2022.12.17"]
[Round "6.30"]
[White "Garcia Ramos, Daniel"]
[Black "Jinan, Jomon"]
[Result "1-0"]
[WhiteTitle "IM"]
[WhiteElo "2439"]
[BlackElo "2271"]
[WhiteFideId "32010311"]
[BlackFideId "35002511"]
[EventDate "2022.12.12"]

1. e4 e5 2. Nf3 Nc6 3. Bc4 Bc5 4. c3 Nf6 5. d4 exd4 6. e5 d5 7. Be2 Ne4 8. cxd4
Bb4+ 9. Bd2 Nxd2 10. Nbxd2 O-O 11. O-O Bg4 12. Nb3 f6 13. a3 Be7 14. Re1 fxe5
15. dxe5 Qd7 16. h3 Bh5 17. Rc1 Rad8 18. Qd3 a6 19. Qc3 Kh8 20. Nfd4 Nxd4 21.
Bxh5 Nxb3 22. Qxb3 c5 23. Bf3 b5 24. Qd3 Qa7 25. a4 c4 26. Qd2 d4 27. axb5 axb5
28. b3 Qc5 29. Re4 h6 30. h4 Rf5 31. bxc4 bxc4 32. Qc2 Rxe5 33. Rxe5 Qxe5 34.
Qxc4 Bxh4 35. Qd3 Bf6 36. g3 Bg5 37. Rc2 Rf8 38. Kg2 Qf6 39. Rc6 Qf7 40. Rd6 Bf6
41. Bd5 Qc7 42. Re6 Qd7 43. Ba2 Rb8 44. Qf5 Rd8 45. Rxf6 gxf6 46. Qxf6+ Kh7 47.
Bf7 Rg8 48. Bxg8+ Kxg8 49. Qg6+ Kh8 50. Qxh6+ Kg8 51. Qg5+ Kh8 52. Kf1 d3 53.
Qe5+ Kg8 54. Ke1 Qc6 55. Qg5+ Kh7 56. Qf5+ Kg8 57. Qxd3 Qh1+ 58. Kd2 Qh6+ 59.
Qe3 Qd6+ 60. Ke1 Qb4+ 61. Kf1 Qb1+ 62. Kg2 Qb7+ 63. Qf3 Qd7 64. Qe4 Kh8 65. g4
Qd2 66. Qf5 Qd6 67. Kh3 Qa3+ 68. Kh4 Qe7+ 69. Qg5 Qe1 70. Qf6+ Kg8 71. Kh5 Qh1+
72. Qh4 Qf3 73. Qg5+ Kh8 74. Qd8+ Kh7 75. Qe7+ Kg8 76. Qe6+ Kh8 77. Qf5 Qc6 78.
Kg5 Kg7 79. Qe5+ Kh7 80. Qf6 Qc1+ 81. f4 Qd2 82. Qe7+ Kh8 83. Kg6 Qc2+ 84. f5 1-0